00405nam a2200169Ia 4500003000400000005001700004008004000021020001600061040000700077041001200084082001700096100002600113245003800139250000600177260004200183300001000225OSt20220826144709.0210210b1996 xxu||||| |||| 00| 0 eng d a019560099 1 cAL aEnglish a427.954 SMIE aSMITH-PEARSE (T L H). aEnglish errors of Indian Students a5 aMadrasbOxford University Pressc1996 avi,76